[Event "Milpitas SJCC 1000 GM Winter"]
[Site "Milpitas"]
[Date "2023.01.22"]
[Round "3"]
[White "Pullela, Sricharan"]
[Black "Patil, Yashas"]
[Result "1-0"]
[WhiteElo "2010"]
[BlackElo "1691"]
[PlyCount "155"]
[EventDate "2023.01.21"]
[EventType "swiss"]
[EventRounds "5"]
[EventCountry "USA"]
[SourceTitle "CBM 212 Extra"]
[Source "ChessBase"]
[SourceDate "2023.03.31"]
[SourceVersion "1"]
[SourceVersionDate "2023.03.31"]
[SourceQuality "1"]

1. d4 Nf6 2. Bf4 d5 3. e3 c5 4. c3 Nc6 5. Nd2 e6 6. Ngf3 cxd4 7. exd4 Bd6 8. Bg3 0-0 9. Bd3 Re8 10. 0-0 Bxg3 11. hxg3 a6 12. a4 Rb8 13. Re1 Qc7 14. Qc2 h6 15. Ne5 b5 16. axb5 axb5 17. Nxc6 Qxc6 18. b4 Nd7 19. Nb3 Nb6 20. Nc5 Nc4 21. Bxc4 dxc4 22. Qe4 Bb7 23. f3 Qc7 24. Qf4 Qxf4 25. gxf4 Bc6 26. Ra6 Rec8 27. Kf2 g6 28. Rea1 Rc7 29. Ke3 Kg7 30. R1a5 Kg8 31. Kd2 h5 32. Ke3 Kg7 33. Ra7 Rxa7 34. Rxa7 Bd5 35. Ne4 Ra8 36. Ra5 h4 37. Nd6 Rxa5 38. bxa5 Kf8 39. Nxb5 Ke7 40. Na3 Kd7 41. Nc2 Kc6 42. Nb4+ Kb5 43. a6 Kb6 44. Kf2 Ba8 45. Kg1 Ka5 46. Kf2 Kb6 47. Ke2 f6 48. Ke3 Bd5 49. Kf2 Ba8 50. Ke2 Bd5 51. Ke3 Ka7 52. f5 gxf5 53. Nxd5 exd5 54. Kf4 Kxa6 55. Kxf5 Ka5 56. Ke6 Ka4 57. Kxd5 Kb3 58. Ke4 Kxc3 59. d5 Kb3 60. d6 c3 61. d7 c2 62. d8Q c1Q 63. Qb6+ Ka4 64. Qxf6 Qc2+ 65. Ke5 Qxg2 66. Qxh4+ Kb5 67. f4 Qe2+ 68. Kf6 Kc6 69. f5 Kd7 70. Qd4+ Ke8 71. Qa4+ Kd8 72. Qa5+ Ke8 73. Qa8+ Kd7 74. Qb7+ Kd6 75. Qb6+ Kd7 76. Qe6+ Qxe6+ 77. fxe6+ Ke8 78. e7 1-0